000 00501nam a2200157 4500
001 109248
003 ES-MaACL
005 20230906184816.0
007 t|
008 061121s1915 sp r ||||1| spa d
100 1 _aOliveras Massó, Claudio.
_986864
245 1 3 _aEl mildiu de la vid
_b: Instrucciones prácticas para reconocerlo y combatirlo /
_cClaudio Oliveras Massó.
260 _aReus :
_b[s.n.],
_c1915 (
_fTall. Eduardo Navas)
300 _aXI, 143 p. ;
_c23 cm.
852 _aES-MaACL
_jF-816
999 _c109248
_d109248